| 000 | 00977 a2200253 4500 | ||
|---|---|---|---|
| 001 | 24606 | ||
| 999 |
_c24606 _d11114 |
||
| 003 | TR-AnTOB | ||
| 005 | 20230607103246.0 | ||
| 008 | 050908c19919999fr gx s i0 a0eng | ||
| 022 | _y0376-6438 | ||
| 041 | _aeng | ||
| 050 | 0 |
_aJOURNAL _bORGo |
|
| 090 | _aJOURNAL ORGo | ||
| 110 | 2 | 2 |
_aOrganisation for Economic Co-operation and Development. _bDepartment of Economics and Statistics _919037 |
| 245 | 0 |
_aOECD economic surveys : _bFederal Republic of Yugoslavia |
|
| 260 |
_a[Paris] : _bOrganisation for Economic Co-operation and Development. |
||
| 300 |
_a2002 ; _c24 cm. |
||
| 321 | _aAnnual (irregular) | ||
| 651 | 0 |
_aYugoslavia _xEconomic policy _y1992-2003 _vPeriodicals _919261 |
|
| 651 | 0 |
_aYugoslavia _xEconomic conditions _y1992-2003 _vPeriodicals _919260 |
|
| 740 | 3 |
_aOrganisation for Economic Co-operation and Development surveys: _bFederal Republic of Yugoslavia. |
|
| 740 | 3 |
_aEconomic surveys by the OECD: _bFederal Republic of Yugoslavia. |
|
| 942 | _cCR | ||